MARC

Tag First Indicator Second Indicator Subfields
LEADER 00000cam a2200000 a 4500
001 in00001128021
008 930120s1992 nyu 000 1 eng d
005 20251118183136.0
016 7 |a BA19663142  |2 JP-ToKJK 
020 |a 0881849138 
020 |a 9780881849134 
020 |a 0786700866  |q (pbk.) 
020 |a 9780786700868  |q (pbk.) 
029 1 |a AU@  |b 000010802387 
035 |a (OCoLC)ocm27296904 
035 |a (OCoLC)27296904 
035 |a (OCoLC)ocm27296904 
040 |a BRP  |b eng  |c BRP  |d OCJ  |d SVP  |d CSB  |d MTH  |d OCL  |d OCLCQ  |d BTCTA  |d BAKER  |d YDXCP  |d CMP  |d OCLCQ  |d P4I  |d AUW  |d OCLCQ  |d OCLCO  |d OCLCQ  |d COH  |d OCLCO  |d FC@  |d IOD  |d OCLCF  |d PAU  |d DWP  |d OCLCO  |d EYM  |d OCLCO  |d FVC  |d OCLCO  |d OCLCQ  |d OCLCO  |d OCLCL  |d OCLCQ 
043 |a e-uk--- 
050 4 |a PN6071.F25  |b L547 1992 
082 1 4 |a Fic 
245 0 4 |a The Lifted veil :  |b the book of fantastic literature by women, 1800-World War II /  |c edited and introduced by A. Susan Williams. 
246 3 |a Book of fantastic literature by women, 1800-World War II 
260 |a New York :  |b Carroll & Graf,  |c 1992. 
300 |a xv, 566 pages ;  |c 23 cm 
336 |a text  |b txt  |2 rdacontent 
337 |a unmediated  |b n  |2 rdamedia 
338 |a volume  |b nc  |2 rdacarrier 
500 |a Cushing copy from the personal library of Edward W. Bryant Jr. 
505 0 |a The spectre / Sarah Wilkinson -- The mortal immortal / Mary Shelley -- Napoleon and the spectre / Charlotte Bronte -- The old nurse's story / Elizabeth Gaskell -- The lifted veil / George Eliot -- Circumstance / Harriet Prescott Spofford -- The phantom coach / Amelia B. Edwards -- The Abbot's ghost / 'A.M. Barnard' [Louisa May Alcott] -- Kentucky's ghost / Elizabeth Stuart Phelps -- The ghost in the Cap'n Brown house / Harriet Beecher Stowe -- Behold it was a dream / Rhoda Broughton -- The secret chamber / Margaret Oliphant -- The ghost of Charlotte Cray / Florence Marryat -- Lady Farquhar's old lady, a true ghost story / Mrs [Mary Louisa] Molesworth -- In a far-off world / Olive Schreiner -- Death and the woman / Gertrude Atherton -- Man-size in marble / Edith Nesbit -- The Banshee's warning / Mrs J.H. [Charlotte Eliza Lawson] Riddell -- Caulfield's crime / Alice Perrin -- The wind in the rose-bush / Mary E. Wilkins -- Sultana's dream / Rokeya Sakhawat Hossain -- The woman with the hood / L.T. [Elizabeth Thomasina] Meade -- If I were a man / Charlotte Perkins Gilman -- Consequences / Willa Cather -- A suburban fairy tale / Katherine Mansfield -- A haunted house / Virginia Woolf -- The nature of the evidence / May Sinclair -- The unbolted door / Mrs Belloc Lowndes -- The Buick saloon / Mary O'Malley -- Shambleau / C.L. Moore -- The supper at Elsinore / 'Isak' Dinesen [Karen] (Dinesen) Blixen] -- The English gentleman's tale -- the gold bride / Christina Stead -- The mask of sacrifice / Margaret Lawrence. 
520 1 |a "As more and more writers and readers are drawn to the fantastic, this is perhaps an opportune moment to assess and to celebrate the part that women have played in its development." "For women's contributions to this genre, which now includes science fiction, stories of ghosts and the supernatural, fairy tales, stories of magic and terror, and weird horror, have been considerable and indeed seminal. Most critics now agree that it was Mary Shelley who with Frankenstein invented what we now call science fiction, while Ann Radcliffe's novels of the 1790s sparked the immense vogue for Gothic; in the nineteenth century the same imaginative strain runs through Jane Eyre and Wuthering Heights, and Catherine Crowe's The Night Side of Nature began a vogue for ghost and horror stories that has never subsequently diminished." "The Lifted Veil is the first substantial collection of women's fantasy writing from these beginnings to modern times, and it includes as wealth of wondrous stories by the women who did so much to shape the course of fantastic fiction, including rarities by Mary Shelley, Louisa May Alcott (writing under the pseudonym 'A. M. Barnard'), Charlotte Bronte and Harriet Beecher Stowe. Also included are intriguing tales by E. Nesbit, Charlotte Perkins Gilman, Willa Cather, Katherine Mansfield, Virginia Woolf and a host more. Finally, the modern age of fantasy is prefigured in works by May Sinclair, C.L. Moore, Isak Dinesen (Karen Blixen) and Margery Lawrence, the book closing at the watershed of World War II. (A second volume of contemporary stories is planned)." "With a scholarly introduction and notes by the editor, A. Susan Williams, The Lifted Veil defines and reveals the special talent that women have for fantastic writing in a volume that will become the standard collection for students and readers alike."--Jacket 
650 0 |a Fantasy fiction, American  |x Women authors. 
650 0 |a Fantasy fiction, English  |x Women authors. 
650 0 |a Short stories, American  |x Women authors. 
650 0 |a Short stories, English  |x Women authors. 
650 0 |a Short stories. 
650 6 |a Nouvelles. 
650 7 |a short stories.  |2 aat 
650 7 |a Fantasy fiction, American  |x Women authors  |2 fast 
650 7 |a Short stories  |2 fast 
650 7 |a Short stories, English  |x Women authors  |2 fast 
655 0 |a Short fiction. 
655 4 |a Fantastic fiction. 
655 4 |a Short fiction. 
655 7 |a short stories.  |2 aat 
655 7 |a Short stories  |2 fast 
655 7 |a Fantastic fiction.  |2 gsafd 
655 7 |a Short stories.  |2 lcgft 
655 7 |a Nouvelles.  |2 rvmgf 
700 1 |a Williams, A. Susan. 
758 |i has work:  |a The Lifted veil (Text)  |1 https://id.oclc.org/worldcat/entity/E39PCGtp7jMp6gKPMBxC96VJrC  |4 https://id.oclc.org/worldcat/ontology/hasWork 
938 |a Baker & Taylor  |b BKTY  |c 28.00  |d 21.00  |i 0881849138  |n 0002143341  |s active 
938 |a Baker and Taylor  |b BTCP  |n bl 99754130 
938 |a YBP Library Services  |b YANK  |n 963200 
948 |h HELD BY TXA - 282 OTHER HOLDINGS 
994 |a Z0  |b TXA 
999 f f |s 21a1ab55-d5ed-3acb-9a40-62afcb64a638  |i 1b850f7f-c4f5-37a3-b422-7bddae8ad85e  |t 0 
952 f f |p normal  |a Texas A&M University  |b College Station  |c Sterling C. Evans Library  |d Evans: Library Stacks  |t 0  |e PN6071.F25 L547 1992  |h Library of Congress classification  |i unmediated -- volume  |m A14817127357 
952 f f |p noncirc  |a Texas A&M University  |b College Station  |c Cushing Memorial Library & Archives  |d Cushing: Science Fiction (Does not check out)  |t 0  |e PN6071.F25 L547 1992  |h Library of Congress classification  |i unmediated -- volume  |m A14853531175 
998 f f |a PN6071.F25 L547 1992  |t 0  |l Cushing: Science Fiction (Does not check out) 
998 f f |a PN6071.F25 L547 1992  |t 0  |l Evans: Library Stacks